Statistics for Biggest Cities in Countries Starting with 'F'

Click here to take the quiz!

General Stats

  • This quiz has been taken 70 times
  • The average score is 6 of 7

Answer Stats

PopulationCountryCity% Correct
11,400,000FranceParis
100%
1,980,000FranceLyon
94%
1,660,000FranceMarseille
94%
1,300,000FinlandHelsinki
91%
1,080,000FranceBordeaux
88%
1,040,000FranceToulouse
82%
1,290,000FranceLille
74%

Score Distribution

Percentile by Number Answered

Percent of People with Each Score

Your Score History

You have not taken this quiz